Návrh hnacieho mechanizmu vozidla s ohľadom na čo najnižšiu spotrebu paliva

Gespeichert in:
Bibliographische Detailangaben
1. Verfasser: Jenčík, Peter (Verfasst von)
Weitere Verfasser: Milesich, Tomáš (Betreuung Doktorarbeit)
Format: Manuskript Buch
Sprache:Slowakisch
Veröffentlicht: 2015
Schlagworte:
Online-Zugang:http://is.stuba.sk/zp/portal_zp.pl?podrobnosti=113350
Tags: Tag hinzufügen
Keine Tags, Fügen Sie das erste Tag hinzu!

MARC

LEADER 00000ntm a22000003a 4500
001 stuzp46651
003 SK-STU
005 20160719153132.3
007 ta
008 150427s2015----xo-----f-mn---000-0-slo-d
040 |a STU  |b slo 
041 0 |a slo 
100 1 |a Jenčík, Peter  |u 020030  |4 aut  |U SjF Strojnícka fakulta  |T SjF Ústav dopravnej techniky a konštruovania  |X 9525  |U J0030  |Y 806  |7 9525 
242 0 1 |a The drive mechanism efficient vehicle  |y eng 
245 1 0 |a Návrh hnacieho mechanizmu vozidla s ohľadom na čo najnižšiu spotrebu paliva 
260 |c 2015 
650 4 |a hnací mechanizmus  |2 slo 
650 4 |a prevod  |2 slo 
650 4 |a spotreba  |2 slo 
650 4 |a drive mechanism  |2 eng 
650 4 |a transfer  |2 eng 
650 4 |a consumption  |2 eng 
700 1 |a Milesich, Tomáš  |4 ths  |X 49630  |7 A000049630 
856 4 |u http://is.stuba.sk/zp/portal_zp.pl?podrobnosti=113350 
996 |b 284J044189  |c J* 2479/BP  |l JJSK  |s A  |a 24  |w stuzp46651_0001 
SQL |a stuzp46651  |b DBP  |c SLO  |d Návrh hnacieho mechanizmu vozidla s ohľadom na čo najnižšiu spotrebu paliva  |e 9525  |f Jenčík, Peter  |g 020030  |h 49630  |i Milesich, Tomáš  |j 20150616  |k 43  |l 02  |m http://is.stuba.sk/zp/portal_zp.pl?podrobnosti=113350  |n B-ALSM  |o 5.2.4. motorové vozidlá, koľajové vozidlá, lode a lietadlá